| 000 | 00857nam a2200253Ia 4500 | ||
|---|---|---|---|
| 005 | 20240530103522.0 | ||
| 008 | 140319s1989 xx 000 0 ara d | ||
| 040 |
_aGCL / _cGCL |
||
| 082 | 0 | 4 |
_a070.41 \ _bا ف |
| 100 | 1 | _aاحمد حسين الطماوى | |
| 245 | 1 | 0 |
_aفصول من الصحافة الادبية / _cاحمد حسين الطماوى |
| 260 |
_aالقاهرة : _bدار الفرجانى ، _c1989 |
||
| 300 |
_a398 ص، _c24 سم |
||
| 490 | _aمكتبة الصحافة المصرية | ||
| 650 | 0 | 4 | _aمصر |
| 650 | 0 | 4 | _aدوريات |
| 650 | 0 | 4 | _aالصحفيون المصريون |
| 650 | 0 | 4 | _aالصحافة والادب |
| 650 | 0 | 4 | _aاحمد حافظ عوض |
| 650 | 0 | 4 | _aالكسندره الخورى |
| 650 | 0 | 4 | _aانطون الجميل |
| 942 |
_2ddc _cBK |
||
| 999 |
_c40217 _d40217 |
||